1692 1029 1554 1473 1411 1641 1349 1299 1511 1343 1323 1420 1342 1151 1284 1605 1231 1036 1709 1153 1484 1795 1697 1538 1440 1731 1069 1515 1268 1757 1956 1528 1997 1973 1074 1825 1922 1391 1713 1827 1811 1916 1710 1292 1097 1530 1411 1239 1623 1112 1339 1254 1555 1879 1575 1420 1264 1266 1767 1952 1608 1918 1540 1427 1369 1859 1476 1969 1760 1299 1554 1720 1055 1792 1544 1686 1225 1171 1760 1928 1138 1837 1901 1646 1653 1995 1665 1024 1700 1542 1560 1396 1831 1550 1166 1719 1264 1920 1361 BCNSPRNW ULIB Ver.6.0+V

เปลี่ยนเป็นภาษาไทย

Change to English
 แสดงรายละเอียดบรรณานุกรม
  กลับหน้าหลัก

Brief Record : Get Marc (ISO 2709) : E-mail record : QR code < ปิดหน้าต่าง
LEADER : 00000nam 2200000uu 4500
001    13399124517
003     ULIB
008    150818s2542||||th 000 0 tha d
020    9789742552787 (ล.2)
020    9742552789 (ล.2)
090    นว.^bพ541ส ล.2
100 0  พัดชา
245 00 สามี เล่ม2/^cพัดชา
250    พิมพ์ครั้งที่ 2
260    กรุงเทพฯ :^bบูรพาสาส์น(1991)จำกัด,^c2542
300    552 หน้า
945    ^p350^l0^i23109
995    ทศพร
999     ^aใช้งานได้ทุกระบบ
รายการนี้ยังไม่มีแท็ก
คุณยังไม่ได้ล็อกอิน คุณสามารถมีกิจกรรมร่วมกับเว็บไซต์ได้ แต่ต้องล็อกอินก่อน ::
  ล็อกอิน

รายการสื่อสารสนเทศ

ลำดับที่ ประเภท เลขเรียก/บาร์โค้ด สถานที่ สถานะ
1. นวนิยาย
นวนิยาย
นว. พ541ส ล.2 ฉ.1 
  Barcode: 23109
ห้องสมุดวิทยาเขตนครสวรรค์
►นวนิยาย:l:Fiction
บนชั้น

รายการใกล้เคียง
    ผู้แต่ง [พัดชา]

BibComment


ยังไม่เคยถูกคอมเมนท์

คอมเมนท์ทรัพยากรรายการนี้
  คอมเมนท์: สามี เล่ม2 พัดชา


 Copyright 2026. Bcnsprnw @Library